| 000 | 01263nam a2200361 i 4500 | ||
|---|---|---|---|
| 999 |
_c200429787 _d47713 |
||
| 001 | 200429787 | ||
| 003 | TR-AnTOB | ||
| 005 | 20200415140200.0 | ||
| 007 | ta | ||
| 008 | 130517m20032013tu aho b 001 0 tur d | ||
| 020 | _a9786053992684 | ||
| 040 |
_aBGZ _beng _erda _cBGZ _dTR-AnTOB |
||
| 041 | _atur | ||
| 050 | 0 | 0 |
_aPN1861 _b.C363 2013 |
| 090 |
_aPN1861 _b.C363 2013 |
||
| 100 | 1 |
_aCandan, Ayşın _4author _9120216 |
|
| 245 | 1 | 0 |
_aÖncü tiyatro ve dijital çağda gösterim / _cAyşın Candan. |
| 250 | _aGenişletilmiş 2. Baskı | ||
| 264 | 1 |
_aİstanbul : _bİstanbul Bilgi Üniversitesi Yayınları, _c2013. |
|
| 300 |
_axiii, 234 pages : _bfacsimiles, photographs, illustrations ; _c23 cm. |
||
| 336 |
_atext _2rdacontent |
||
| 337 |
_aunmediated _2rdamedia |
||
| 338 |
_avolume _2rdacarrrier |
||
| 490 | 0 |
_aİstanbul Bilgi Üniversitesi Yayınları ; _v412 _aSanat-Estetik ; _v7 |
|
| 504 | _aIncludes bibliographical references and index. | ||
| 590 | _aDonated by Tuba Işınsu İsen Durmuş | ||
| 650 | 0 |
_aTheater _zTurkey _954672 |
|
| 650 | 7 |
_aTiyatro _zTürkiye _2etuturkob _954673 |
|
| 650 | 0 |
_aDrama _xHistory and criticism _94658 |
|
| 650 | 7 |
_aDrama _xTarih ve eleştiri _2etuturkob _994318 |
|
| 942 |
_2lcc _cBK |
||